Top 3 trophée The Best (Joueur + Gardien) - Statistiques

Statistiques générales
  • Ce quiz a été pris 259 fois
  • Le résultat moyen est 18 sur 24
Statistiques - réponses
Joueur % Correct
Cristiano Ronaldo
99%
Lionel Messi
99%
Kylian Mbappé
94%
Thibaut Courtois
93%
Luka Modrić
89%
Manuel Neuer
89%
Robert Lewandowski
88%
Alisson
87%
Karim Benzema
84%
Ederson
83%
Neymar
78%
Gianluigi Donnarumma
76%
Hugo Lloris
76%
Antoine Griezmann
75%
Marc-André ter Stegen
73%
Gianluigi Buffon
71%
Emiliano Martínez
69%
Keylor Navas
64%
Virgil van Dijk
64%
Édouard Mendy
63%
Jan Oblak
58%
Mohamed Salah
55%
Yassine Bounou
39%
Kasper Schmeichel
5%
Aucun quiz correspondant
Distribution des résultats
% des personnes avec chaque résultat
Percentile par nombre de réponses
Votre historique - résultats
Vous n’avez pas pris ce quiz